Conservation Management Plan : (Record no. 3385)

MARC details
000 -LEADER
fixed length control field 00501nam a2200157 4500
001 - CONTROL NUMBER
control field 4132
005 - DATE AND TIME OF LATEST TRANSACTION
control field 20181127172658.0
090 00 - LOCALLY ASSIGNED LC-TYPE CALL NUMBER (OCLC); LOCAL CALL NUMBER (RLIN)
Classification number (OCLC) (R) ; Classification number, CALL (RLIN) (NR) 333.95095498 W973c 2014
110 ## - MAIN ENTRY--CORPORATE NAME
Corporate name or jurisdiction name as entry element WWF.
Subordinate unit
Location of meeting
Date of meeting or treaty signing
Relator term
Number of part/section/meeting
Name of part/section of a work
245 00 - TITLE STATEMENT
Title Conservation Management Plan :
Remainder of title Jigme Singye Wangchuk National Park January 2014- December 2018.
Statement of responsibility, etc. WWF.
Medium
260 00 - PUBLICATION, DISTRIBUTION, ETC.
Place of publication, distribution, etc. [Thimphu]:
Name of publisher, distributor, etc. WWF,
Date of publication, distribution, etc. 2014.
300 00 - PHYSICAL DESCRIPTION
Extent 110 p. : col.ill.
650 ## - SUBJECT ADDED ENTRY--TOPICAL TERM
Topical term or geographic name entry element Management.
Form subdivision
General subdivision
Chronological subdivision
Geographic subdivision
Source of heading or term
Topical term or geographic name entry element Nature conservation.
General subdivision
Topical term or geographic name entry element Protected areas --Bhutan --Management.
General subdivision
Holdings
Withdrawn status Lost status Source of classification or shelving scheme Damaged status Not for loan Collection code Home library Current library Shelving location Serial Enumeration / chronology Inventory number Total Checkouts Full call number Barcode Date last seen Price effective from Koha item type
    Dewey Decimal Classification     Main TEST RTC Library RTC Library Main opac 6943   333.95095 CON 30006986 27/11/2018 27/11/2018 Main
Royal Thimphu College || All Right Reserved